| 000 | 00540nam a2200229 a 4500 | ||
|---|---|---|---|
| 001 | nice12345678 | ||
| 003 | IN_TiNIC | ||
| 005 | 20260116011530.0 | ||
| 008 | 070713s1958 rama grp 000 0 urd | ||
| 020 |
_a _c1.5 |
||
| 082 | 0 | 0 |
_a297.2 _bISL3 |
| 100 | _aIslahi, Sadruddin | ||
| 245 | _aHaqiqat-E-nifaq | ||
| 260 |
_aRampur _bNo Publisher _c1958 |
||
| 300 | _a135p | ||
| 500 | _aincludes index and biblioraphy | ||
| 650 | _aIslam-Doctrines | ||
| 700 | 1 | _aIslahi, Sadruddin | |
| 902 | _bSRS | ||
| 942 | _cBK | ||
| 999 |
_c2382 _d2382 |
||